UFC 328 Full Card - Statistics

General Stats
  • This quiz has been taken 18 times
  • The average score is 11 of 26
Answer Stats
Spot M/W Nationality Answer % Correct
Main Card M Myanmar Joshua Van
100%
Main Event M UAE Khamzat Chimaev
100%
Main Event M USA Sean Strickland
100%
Main Card M Japan Tatsuro Taira
100%
Main Card M Dominican Republic Waldo Cortes-Acosta
93%
Main Card M Russia Alexander Volkov
80%
Prelim M Cameroon Ateba Gautier
53%
Main Card M USA King Green
53%
Prelim M Ukraine Yaroslav Amosov
53%
Main Card M USA Jeremy Stephens
40%
Main Card M USA Joaquin Buckley
40%
Prelim M Spain Joel Álvarez
40%
Main Card M USA Sean Brady
40%
Prelim M USA Ozzy Diaz
33%
Prelim M USA Grant Dawson
27%
Prelim M Poland Mateusz Rębecki
27%
Prelim M USA Jim Miller
20%
Early Prelim M Russia Baisangur Susurkaev
13%
Early Prelim M USA Pat Sabatini
13%
Early Prelim M Russia Roman Kopylov
13%
Early Prelim M France William Gomis
13%
Early Prelim M USA Clayton Carpenter
7%
Early Prelim M Brazil Djorden Santos
7%
Prelim M USA Jared Gordon
7%
Early Prelim M Peru Jose Ochoa
7%
Early Prelim M Brazil Marco Tulio
7%
No matching quizzes found
Score Distribution
Percent of People with Each Score
Percentile by Number Answered
Your Score History
You have not taken this quiz